Doplnkové dôchodkové poistenie a ďalšie smerovanie dôchodkovej reformy v SR
Pohľad na súčasný dôchodkový systém v SR. Funkcia doplnkového dôchodkového poistenia a jeho fungovanie.
Salvato in:
| Autore principale: | |
|---|---|
| Natura: | Capitolo di libro |
| Lingua: | slovacco |
| Soggetti: | |
| Tags: |
Nessun Tag, puoi essere il primo ad aggiungerne!!
|
MARC
| LEADER | 00000naa a2200000 4500 | ||
|---|---|---|---|
| 001 | r048302 | ||
| 005 | 20231002115918.7 | ||
| 041 | 0 | |a slo | |
| 044 | |a SK | ||
| 245 | 1 | 0 | |a Doplnkové dôchodkové poistenie a ďalšie smerovanie dôchodkovej reformy v SR |c Tatjana Macúchová |
| 520 | |a Pohľad na súčasný dôchodkový systém v SR. Funkcia doplnkového dôchodkového poistenia a jeho fungovanie. | ||
| 610 | 2 | 0 | |a poistenie dôchodkové doplnkové |
| 610 | 2 | 0 | |a poistenie dôchodkové |
| 610 | 2 | 0 | |a reformy |
| 610 | 2 | 0 | |a reformy sociálne |
| 610 | 2 | 0 | |a poisťovne |
| 610 | 2 | 0 | |a systémy sociálno-ekonomické |
| 610 | 2 | 0 | |a Slovensko |
| 610 | 2 | 0 | |a systémy dôchodkové |
| 100 | 1 | |a Macúchová, Tatjana | |